[Event "Romania rapid online op final"]
[Site "Chess.com INT"]
[Date "2020.05.01"]
[Round "2"]
[White "Gondrea, Victor"]
[Black "Daianu, Cristian Clement"]
[Result "1/2-1/2"]
[WhiteElo "1001"]
[BlackElo "2224"]
[PlyCount "89"]
[EventDate "2020.05.01"]
[EventType "swiss (rapid)"]
[EventRounds "7"]
[EventCountry "ROU"]
[SourceTitle "CBM 196 Extra"]
[Source "ChessBase"]
[SourceDate "2020.07.31"]
[SourceVersion "1"]
[SourceVersionDate "2020.07.31"]
[SourceQuality "1"]

1. d4 Nf6 2. Nf3 g6 3. Bg5 Bg7 4. Nbd2 d5 5. e3 0-0 6. c3 h6 7. Bxf6 Bxf6 8. e4 dxe4 9. Nxe4 Bg7 10. Bd3 b6 11. 0-0 Bb7 12. Ng3 c5 13. dxc5 bxc5 14. Qe2 Nc6 15. Rfd1 Qc7 16. Qe3 Qb6 17. Ne4 Rab8 18. Nxc5 Rfd8 19. Nxb7 Qxe3 20. fxe3 Rxb7 21. Be4 Rc8 22. Rab1 a5 23. Nd4 Bxd4 24. exd4 Rb6 25. Kf2 a4 26. b3 Na5 27. b4 Nc4 28. Rd3 e5 29. Bd5 exd4 30. cxd4 Rf6+ 31. Kg3 Nb6 32. Bf3 Rd6 33. d5 f5 34. Kf4 Kf7 35. Ke5 Rd7 36. Kd4 f4 37. Ke5 Rc4 38. Bg4 Re7+ 39. Be6+ Kg7 40. Rb2 Re8 41. a3 Nd7+ 42. Kd6 Nb6 43. Ke5 Nd7+ 44. Kd6 Nb6 45. Ke5 1/2-1/2

[Event "Romania rapid online op final"]
[Site "Chess.com INT"]
[Date "2020.05.01"]
[Round "7"]
[White "Gondrea, Victor"]
[Black "Stoleriu, George"]
[Result "0-1"]
[WhiteElo "1001"]
[BlackElo "2349"]
[PlyCount "68"]
[EventDate "2020.05.01"]
[EventType "swiss (rapid)"]
[EventRounds "7"]
[EventCountry "ROU"]
[SourceTitle "CBM 196 Extra"]
[Source "ChessBase"]
[SourceDate "2020.07.31"]
[SourceVersion "1"]
[SourceVersionDate "2020.07.31"]
[SourceQuality "1"]

1. d4 e6 2. c4 Nf6 3. Nc3 Bb4 4. Qc2 0-0 5. Nf3 c5 6. a3 Bxc3+ 7. Qxc3 cxd4 8. Nxd4 b6 9. Qf3 d5 10. Bg5 Bb7 11. Bxf6 Qxf6 12. Qxf6 gxf6 13. Nb5 Nd7 14. cxd5 Bxd5 15. Nc7 Rac8 16. Nxd5 exd5 17. Rd1 Rc2 18. Rxd5 Ne5 19. Rd2 Rc1+ 20. Rd1 Rxd1+ 21. Kxd1 Rd8+ 22. Ke1 Nc4 23. b3 Nxa3 24. e3 Nc2+ 25. Ke2 Na1 26. b4 Nc2 27. b5 Na3 28. Kf3 Rd1 29. g3 Nxb5 30. Bg2 Rxh1 31. Bxh1 Nc3 32. Kg2 a5 33. g4 a4 34. Kg3 a3 0-1